[Event "B - CZECH OPEN 2016 "]
[Site "Pardubice (CZE)"]
[Date "2016.07.30"]
[Round "9.1"]
[White "Kolmakov, Pavel"]
[Black "Tichy, Stepan"]
[Result "1-0"]
[WhiteElo "2180"]
[BlackElo "2176"]
[PlyCount "71"]
[EventDate "2016.07.22"]

1. e4 e6 2. d3 d5 3. Nd2 dxe4 4. dxe4 Bd7 5. Ngf3 Bc6 6. Ne5 Nf6 7. Nxc6 Nxc6
8. Bb5 Qd7 9. c3 Be7 10. Qa4 O-O 11. O-O a6 12. Bxc6 Qxc6 13. Qxc6 bxc6 14. Re1
Rfd8 15. f3 Nd7 16. Nc4 Rab8 17. Kf1 Rb5 18. Be3 Nb6 19. Bxb6 cxb6 20. Rad1 Rb8
21. Rd7 Bf8 22. Red1 Rc5 23. Ne3 Ra5 24. a3 Rb5 25. b4 a5 26. Nc4 axb4 27. axb4
Rh5 28. Rd8 Rxd8 29. Rxd8 f6 30. Nxb6 Kf7 31. Rc8 c5 32. bxc5 Rxh2 33. c6 Rh1+
34. Ke2 Bd6 35. c7 Kg6 36. Nc4 1-0

[Event "B - CZECH OPEN 2016 "]
[Site "Pardubice (CZE)"]
[Date "2016.07.30"]
[Round "9.2"]
[White "Schatz, Christian"]
[Black "Granovskiy, Alexandr"]
[Result "0-1"]
[WhiteElo "2212"]
[BlackElo "2292"]
[PlyCount "68"]
[EventDate "2016.07.22"]

1. Nf3 d5 2. g3 c6 3. Bg2 Bg4 4. c4 e6 5. O-O Nf6 6. b3 Bd6 7. d4 O-O 8. Nbd2
Nbd7 9. Bb2 Bc7 10. h3 Bh5 11. g4 Bg6 12. Ne5 Nxe5 13. dxe5 Nd7 14. f4 f6 15.
cxd5 cxd5 16. f5 Bf7 17. fxe6 Bxe6 18. exf6 Bb6+ 19. Kh1 Nxf6 20. Bxf6 Rxf6 21.
e4 Rxf1+ 22. Qxf1 Qd6 23. Qe2 Rf8 24. Rf1 Rxf1+ 25. Nxf1 Qc5 26. Kh2 Qg1+ 27.
Kg3 Bc7+ 28. Kf3 Qd4 29. Nd2 Bb6 30. Kg3 Qe5+ 31. Kf3 Qc3+ 32. Kf4 Qf6+ 33. Kg3
Bc7+ 34. e5 Bxe5+ 0-1

[Event "B - CZECH OPEN 2016 "]
[Site "Pardubice (CZE)"]
[Date "2016.07.30"]
[Round "9.3"]
[White "Dorst, Johannes"]
[Black "Gantar, Jan"]
[Result "1/2-1/2"]
[WhiteElo "2215"]
[BlackElo "2215"]
[PlyCount "51"]
[EventDate "2016.07.22"]

1. e4 Nf6 2. e5 Nd5 3. d4 d6 4. Nf3 dxe5 5. Nxe5 c6 6. c4 Nb4 7. Na3 Bf5 8. Be2
Nd7 9. Nf3 e6 10. O-O Be7 11. Qb3 c5 12. Bf4 O-O 13. Nb5 Qb6 14. dxc5 Bxc5 15.
Bc7 Qc6 16. Nfd4 Bxd4 17. Nxd4 Qxc7 18. Qxb4 Be4 19. Nb5 Qe5 20. Rfe1 Qg5 21.
Bf1 Nf6 22. Rad1 a6 23. Nd6 Bc6 24. Qd2 Qxd2 25. Rxd2 Rfd8 26. Red1 1/2-1/2

[Event "B - CZECH OPEN 2016 "]
[Site "Pardubice (CZE)"]
[Date "2016.07.30"]
[Round "9.4"]
[White "Maslak, Alexander"]
[Black "Saleh, Nagueb"]
[Result "0-1"]
[WhiteElo "2195"]
[BlackElo "2173"]
[PlyCount "56"]
[EventDate "2016.07.22"]

1. e4 c6 2. d3 d5 3. Nd2 e5 4. Ngf3 Bd6 5. g3 Nf6 6. Bg2 O-O 7. O-O Nbd7 8. b3
Re8 9. Bb2 a5 10. a4 Nc5 11. exd5 cxd5 12. d4 exd4 13. Nxd4 Bg4 14. N2f3 Nce4
15. h3 Bd7 16. Re1 Qc8 17. h4 Bh3 18. Ng5 Bxg2 19. Kxg2 h6 20. Nxe4 dxe4 21.
Nb5 Be5 22. Bxe5 Rxe5 23. c4 Ra6 24. Qd4 Qf5 25. Qc3 Nh5 26. Ra2 Rg6 27. Kh2
Nf4 28. gxf4 Qxf4+ 0-1

[Event "B - CZECH OPEN 2016 "]
[Site "Pardubice (CZE)"]
[Date "2016.07.30"]
[Round "9.5"]
[White "Kardoeus, David"]
[Black "Moroder, Stefan"]
[Result "1-0"]
[WhiteElo "2137"]
[BlackElo "2209"]
[PlyCount "76"]
[EventDate "2016.07.22"]

1. e4 c6 2. d4 d5 3. e5 c5 4. dxc5 Nc6 5. Nf3 Bg4 6. c3 e6 7. Be3 Nge7 8. Bb5
a6 9. Ba4 Qc7 10. Nbd2 O-O-O 11. Bd4 Ng6 12. Bxc6 Qxc6 13. b4 f6 14. Qb3 Qc7
15. exf6 e5 16. Be3 gxf6 17. a4 Be7 18. b5 f5 19. bxa6 bxa6 20. c6 Qxc6 21. Rb1
f4 22. Nxe5 Nxe5 23. Qb8+ Kd7 24. Rb7+ Ke6 25. Rxe7+ Kxe7 26. Qxe5+ Qe6 27.
Qxf4 Rhg8 28. h3 Bf5 29. Qb4+ Kf7 30. g4 Be4 31. f3 d4 32. Nxe4 dxe3 33. Qc5 e2
34. Kxe2 Rge8 35. Kf2 h6 36. Re1 Kg7 37. Re2 Rd5 38. Qc4 Qd7 1-0

[Event "B - CZECH OPEN 2016 "]
[Site "Pardubice (CZE)"]
[Date "2016.07.30"]
[Round "9.6"]
[White "Balenovic, Zvonimir"]
[Black "Ewert, Hannes"]
[Result "1-0"]
[WhiteElo "2190"]
[BlackElo "2113"]
[PlyCount "79"]
[EventDate "2016.07.22"]

1. e4 e5 2. Nf3 Nc6 3. Bb5 a6 4. Ba4 Nf6 5. O-O b5 6. Bb3 Be7 7. Re1 O-O 8. c3
d6 9. h3 h6 10. d4 Re8 11. Nbd2 Bf8 12. Nf1 Bd7 13. Ng3 Na5 14. Bc2 Nc4 15. b3
Nb6 16. Bb2 c5 17. Qd2 Qc7 18. Rac1 a5 19. Nf5 Bc6 20. d5 Bd7 21. g4 c4 22. Ra1
cxb3 23. axb3 a4 24. Ba3 axb3 25. Bxb3 Na4 26. Bb4 Nc5 27. Rxa8 Rxa8 28. Bc2
Ra2 29. Qc1 Qb6 30. Nd2 g6 31. Ne3 Be7 32. Qb1 Ra8 33. Qb2 Na4 34. Qa3 Rc8 35.
Bxa4 Ra8 36. Qb2 Rxa4 37. Ra1 Qa7 38. Rxa4 Qxa4 39. Qa3 Qxa3 40. Bxa3 1-0

[Event "B - CZECH OPEN 2016 "]
[Site "Pardubice (CZE)"]
[Date "2016.07.30"]
[Round "9.7"]
[White "Balazs, Balint"]
[Black "Kozel, Jiri"]
[Result "0-1"]
[WhiteElo "2110"]
[BlackElo "2167"]
[PlyCount "64"]
[EventDate "2016.07.22"]

1. d4 Nf6 2. Bf4 e6 3. Nf3 b6 4. e3 Bb7 5. Nbd2 c5 6. c3 Be7 7. h3 h6 8. Bd3 d5
9. Bh2 Nbd7 10. Ne5 Nxe5 11. dxe5 Nd7 12. Qg4 g5 13. f4 Qc7 14. Nf3 O-O-O 15.
f5 h5 16. Qa4 g4 17. fxe6 fxe6 18. hxg4 c4 19. Bg6 Nc5 20. Qd1 hxg4 21. Nd4 g3
22. Qg4 Rxh2 23. O-O-O Qxe5 24. Nf3 Qxe3+ 25. Kb1 Rxh1 26. Rxh1 Qf2 27. Re1 d4
28. Rxe6 Bxf3 29. gxf3 Nxe6 30. Qxe6+ Kb8 31. Qxe7 Qf1+ 32. Kc2 d3+ 0-1

[Event "B - CZECH OPEN 2016 "]
[Site "Pardubice (CZE)"]
[Date "2016.07.30"]
[Round "9.8"]
[White "Gantsooj, Ganzorig"]
[Black "Kuehn, Kolja"]
[Result "1/2-1/2"]
[WhiteElo "2164"]
[BlackElo "2058"]
[PlyCount "89"]
[EventDate "2016.07.22"]

1. e4 e5 2. Nf3 Nc6 3. Bb5 Nge7 4. O-O g6 5. c3 Bg7 6. d4 exd4 7. cxd4 a6 8.
Ba4 b5 9. Bb3 O-O 10. Nc3 d6 11. h3 Na5 12. Bc2 Bb7 13. Bg5 Re8 14. Rc1 c5 15.
Re1 Qb6 16. Ne2 Nec6 17. b3 Nxd4 18. Nexd4 cxd4 19. Qd2 Nc6 20. Bh6 Ne5 21.
Bxg7 Nxf3+ 22. gxf3 Kxg7 23. Rcd1 Rac8 24. Bb1 d5 25. Qxd4+ Qxd4 26. Rxd4 dxe4
27. Bxe4 Rc2 28. a4 Rc3 29. axb5 axb5 30. Re3 Rxe3 31. fxe3 Bxe4 32. fxe4 Re5
33. Kf2 Kf6 34. Kf3 Rh5 35. Kg4 Rc5 36. Kf4 g5+ 37. Kg4 Kg6 38. Rd3 h5+ 39. Kf3
Kf6 40. Rd4 Ke6 41. Rd3 f5 42. exf5+ Rxf5+ 43. Kg3 Re5 44. Kf3 Kf5 45. Rd4
1/2-1/2

[Event "B - CZECH OPEN 2016 "]
[Site "Pardubice (CZE)"]
[Date "2016.07.30"]
[Round "9.9"]
[White "Grundman, Vaclav"]
[Black "Vaculik, Jakub"]
[Result "1-0"]
[WhiteElo "2047"]
[BlackElo "2210"]
[PlyCount "55"]
[EventDate "2016.07.22"]

1. e4 e6 2. d4 d5 3. e5 c5 4. c3 Nc6 5. Nf3 Nge7 6. Na3 a6 7. Be2 b5 8. Be3 c4
9. Qd2 Qb6 10. Nc2 a5 11. a3 Bb7 12. Ng5 h6 13. Nh3 b4 14. axb4 axb4 15. Rxa8+
Bxa8 16. O-O Nc8 17. f4 g6 18. g4 Na5 19. f5 Nb3 20. Qe1 gxf5 21. gxf5 bxc3 22.
bxc3 Ne7 23. fxe6 fxe6 24. Bh5+ Kd8 25. Nf4 Bb7 26. Bf7 Kc8 27. Nxe6 Kb8 28.
Qh4 1-0

[Event "B - CZECH OPEN 2016 "]
[Site "Pardubice (CZE)"]
[Date "2016.07.30"]
[Round "9.10"]
[White "Kotyk, Vaclav"]
[Black "Subelj, Jan"]
[Result "0-1"]
[WhiteElo "2167"]
[BlackElo "2042"]
[PlyCount "102"]
[EventDate "2016.07.22"]

1. d4 Nf6 2. c4 e6 3. Nc3 d5 4. cxd5 exd5 5. Bg5 Nbd7 6. e3 Be7 7. Bd3 c6 8.
Qc2 Nf8 9. Nge2 Ne6 10. Bh4 g6 11. O-O O-O 12. Rad1 b6 13. e4 dxe4 14. Nxe4 Bb7
15. Rfe1 Nd5 16. Bxe7 Qxe7 17. a3 Rfd8 18. N4c3 Qf6 19. Be4 Ne7 20. Qd2 Rd7 21.
Qe3 Rad8 22. Bc2 Nd5 23. Nxd5 Rxd5 24. Bb3 R5d6 25. Qe5 Kg7 26. Nc3 Rxd4 27.
Rxd4 Qxe5 28. Rxe5 Nxd4 29. Re7 Nxb3 30. Rxb7 Rd2 31. g4 Nc5 32. Rxa7 Rxb2 33.
Na4 Rb1+ 34. Kg2 Ne6 35. Nc3 Rb3 36. Ne2 c5 37. f4 c4 38. f5 Nc5 39. Rc7 gxf5
40. gxf5 Rxa3 41. Rc6 Ra2 42. Kf3 Nd7 43. Rd6 Ne5+ 44. Ke3 Ng4+ 45. Kf3 Nxh2+
46. Ke3 Ng4+ 47. Kf3 Ne5+ 48. Ke3 c3 49. Rd5 Nc4+ 50. Kd3 Rxe2 51. Kxc4 c2 0-1